[Event "Goiania Barbosa Nunes Cup 1st"]
[Site "Goiania"]
[Date "2021.10.16"]
[Round "5"]
[White "Vilela, Humberto Franca"]
[Black "E Silva, Rafael Sousa"]
[Result "1/2-1/2"]
[WhiteElo "1870"]
[BlackElo "1641"]
[PlyCount "102"]
[EventDate "2021.10.15"]
[EventType "swiss"]
[EventRounds "6"]
[EventCountry "BRA"]
[SourceTitle "EXT 2023"]
[Source "ChessBase"]
[SourceDate "2022.10.05"]
[SourceVersion "1"]
[SourceVersionDate "2022.10.05"]
[SourceQuality "1"]

1. e4 c5 2. Nf3 Nc6 3. d4 cxd4 4. Nxd4 g6 5. Be3 Bg7 6. Nc3 d6 7. Be2 Nf6 8. h4 h5 9. f3 0-0 10. Nb3 Be6 11. Qd2 Ne5 12. Nd4 Bc4 13. Bh6 Bxe2 14. Bxg7 Kxg7 15. Ncxe2 Qb6 16. b3 Nc6 17. c4 a5 18. Qe3 Qc5 19. Nc2 Qe5 20. 0-0 Nb4 21. Ncd4 Qc5 22. Qf2 Nd3 23. Qe3 Nb4 24. Qf2 Nd7 25. Nb5 a4 26. Qxc5 Nxc5 27. Ned4 axb3 28. axb3 Nc6 29. Nxc6 bxc6 30. Nd4 e5 31. Nxc6 Nxb3 32. Rxa8 Rxa8 33. Rd1 Ra1 34. Rxa1 Nxa1 35. Kf2 Kf6 36. Na5 Nc2 37. Nb3 Ke6 38. c5 d5 39. exd5+ Kxd5 40. g4 Nd4 41. Nd2 Kxc5 42. gxh5 gxh5 43. Ne4+ Kd5 44. Nf6+ Kd6 45. Nxh5 Nf5 46. f4 e4 47. Ng3 Nxg3 48. Kxg3 f5 49. h5 Ke6 50. Kh3 Kf6 51. Kh4 e3 1/2-1/2

[Event "Goiania FEXEG Cup"]
[Site "Goiania"]
[Date "2020.02.15"]
[Round "3"]
[White "Colivet Gamboa, Julio Cesar"]
[Black "Vilela, Humberto Franca"]
[Result "0-1"]
[WhiteElo "1533"]
[BlackElo "1870"]
[PlyCount "150"]
[EventDate "2020.02.14"]
[EventType "swiss"]
[EventRounds "5"]
[EventCountry "BRA"]
[SourceTitle "CBM 195 Extra"]
[Source "ChessBase"]
[SourceDate "2020.05.31"]
[SourceVersion "1"]
[SourceVersionDate "2020.05.31"]
[SourceQuality "1"]

1. c4 e5 2. g3 Nf6 3. Nc3 Bc5 4. Bg2 Nc6 5. d3 h6 6. Nf3 d6 7. 0-0 a5 8. Nd2 Be6 9. Nde4 Ba7 10. a3 Nxe4 11. Nxe4 d5 12. cxd5 Bxd5 13. Bd2 0-0 14. Rc1 f5 15. Nc3 Bxg2 16. Kxg2 Nd4 17. Be3 c6 18. Bxd4 exd4 19. Nb1 Qd5+ 20. Kg1 Rae8 21. Nd2 Re5 22. Nc4 Re7 23. Re1 f4 24. Nd2 fxg3 25. hxg3 Ref7 26. Nf3 Bb8 27. Rf1 g5 28. Rc4 c5 29. Qc1 b6 30. b4 axb4 31. axb4 Bd6 32. bxc5 bxc5 33. Ra4 g4 34. Nh2 h5 35. Qc4 Qf5 36. Ra7 Kg7 37. Rxf7+ Rxf7 38. Qa6 Qd5 39. Qb6 Re7 40. Qb2 Qe6 41. e3 Be5 42. Qd2 Bf6 43. exd4 cxd4 44. Qa5 Kh6 45. Qd2+ Bg5 46. Qa5 Kg6 47. Rb1 Rd7 48. Rb5 Bd8 49. Qb4 Be7 50. Qa5 Bd8 51. Qb4 Rd5 52. Rxd5 Qxd5 53. Qc4 Qxc4 54. dxc4 Kf5 55. Kf1 Ke4 56. Ke2 d3+ 57. Kd2 Bb6 58. Ke1 Ba5+ 59. Kd1 Bc7 60. Kd2 Kd4 61. Nf1 Ba5+ 62. Kd1 Kxc4 63. Ne3+ Kd4 64. Nf5+ Ke4 65. Ng7 Kf3 66. Nxh5 Kxf2 67. Nf4 Kxg3 68. Nxd3 Kh2 69. Nc1 Kg2 70. Ke2 Bb6 71. Nd3 Kg1 72. Nf4 Bc7 73. Nh5 Kg2 74. Ke3 Kh3 75. Kf2 Be5 0-1

[Event "Goiania FEXEG Cup"]
[Site "Goiania"]
[Date "2020.02.14"]
[Round "1"]
[White "Quirino, Rafael David"]
[Black "Vilela, Humberto Franca"]
[Result "1-0"]
[WhiteElo "1452"]
[BlackElo "1870"]
[PlyCount "100"]
[EventDate "2020.02.14"]
[EventType "swiss"]
[EventRounds "5"]
[EventCountry "BRA"]
[SourceTitle "CBM 195 Extra"]
[Source "ChessBase"]
[SourceDate "2020.05.31"]
[SourceVersion "1"]
[SourceVersionDate "2020.05.31"]
[SourceQuality "1"]

1. e4 c5 2. Nf3 d6 3. d4 cxd4 4. Nxd4 a6 5. Bc4 Nf6 6. f3 e6 7. Nc3 Be7 8. Bb3 Bd7 9. a4 Nc6 10. Be3 Rc8 11. 0-0 0-0 12. Kh1 e5 13. Nde2 Be6 14. Nd5 Bxd5 15. exd5 Na5 16. Qd3 Nxb3 17. cxb3 Qa5 18. Nc3 Qb4 19. Ne4 Nxe4 20. fxe4 Rc7 21. Rac1 Rfc8 22. Rxc7 Rxc7 23. Bd2 Qd4 24. Qf3 Bf8 25. Bc3 Qb6 26. b4 Rd7 27. Qf5 Rc7 28. g4 Qe3 29. Qf3 Qxf3+ 30. Rxf3 Rc4 31. Re3 b5 32. a5 Be7 33. b3 Rc8 34. Rd3 Bg5 35. Kg2 g6 36. Kf3 Kg7 37. Ke2 Bf4 38. h4 h6 39. Rf3 g5 40. h5 Kf8 41. Kd3 Ke7 42. Rf1 f5 43. gxf5 g4 44. Rg1 g3 45. Bd2 Kf6 46. Bxf4 exf4 47. Kd4 Rg8 48. Kd3 Ke5 49. Rc1 g2 50. Rg1 Rg3+ 1-0

[Event "Goiania zt"]
[Site "Goiania"]
[Date "2017.08.18"]
[Round "2"]
[White "Vilela, Humberto Franca"]
[Black "Garcia, Gabriel Gonzaga"]
[Result "1/2-1/2"]
[WhiteElo "1897"]
[BlackElo "2203"]
[PlyCount "148"]
[EventDate "2017.08.18"]
[EventType "swiss"]
[EventRounds "6"]
[EventCountry "BRA"]
[SourceTitle "CBM 180 Extra"]
[Source "ChessBase"]
[SourceDate "2017.10.06"]
[SourceVersion "1"]
[SourceVersionDate "2017.10.06"]
[SourceQuality "1"]

1. e4 c6 2. d4 d5 3. e5 Bf5 4. Nf3 e6 5. Be2 Nd7 6. 0-0 Ne7 7. Nbd2 h6 8. a4 g5 9. Nb3 Bg7 10. a5 0-0 11. c4 dxc4 12. Bxc4 Rc8 13. Qe2 c5 14. dxc5 Nxc5 15. Be3 Nxb3 16. Bxb3 Bd3 17. Qe1 Bxf1 18. Qxf1 Nc6 19. Bc5 Nxe5 20. Bxf8 Nxf3+ 21. gxf3 Kxf8 22. Qb5 a6 23. Qb4+ Qe7 24. Qb6 Bxb2 25. Bxe6 Rc2 26. Bf5 Rd2 27. Rb1 Bf6 28. Be4 Kg7 29. Qxb7 Qxb7 30. Bxb7 Bd4 31. Rf1 Ra2 32. Bxa6 Rxa5 33. Bb7 Ra2 34. Kg2 f5 35. Bd5 Rd2 36. Bc6 Kf6 37. h3 Ke5 38. Be8 Kf4 39. Bh5 Ba7 40. Kg1 Rxf2 41. Rxf2 Kg3 42. Bg6 Bxf2+ 43. Kf1 f4 44. Bh5 Bc5 45. Bg4 Bb6 46. Ke2 Kh4 47. Kf1 h5 48. Bf5 Kg3 49. Bg6 g4 50. fxg4 h4 51. Be4 Kxh3 52. Bg2+ Kxg4 53. Ke2 Kg3 54. Bf3 Kh2 55. Kf1 Be3 56. Bg2 Kg3 57. Bh1 f3 58. Ke1 h3 59. Kf1 Bc5 60. Ke1 Bb6 61. Kf1 Kf4 62. Ke1 Bc5 63. Kf1 Ke3 64. Ke1 Bd6 65. Kf1 Bh2 66. Ke1 Bg1 67. Kf1 h2 68. Ke1 Bf2+ 69. Kf1 Bg3 70. Bg2 Bf2 71. Bh1 Bg3 72. Bg2 h1Q+ 73. Bxh1 Bf2 74. Bxf3 Kxf3 1/2-1/2

[Event "Goiania op"]
[Site "Goiania"]
[Date "2017.05.28"]
[Round "5"]
[White "Garcia, Gabriel Gonzaga"]
[Black "Vilela, Humberto Franca"]
[Result "1-0"]
[WhiteElo "2211"]
[BlackElo "1896"]
[PlyCount "47"]
[EventDate "2017.05.26"]
[EventType "swiss"]
[EventRounds "6"]
[EventCountry "BRA"]
[SourceTitle "CBM 178 Extra"]
[Source "ChessBase"]
[SourceDate "2017.06.22"]
[SourceVersion "1"]
[SourceVersionDate "2017.06.22"]
[SourceQuality "1"]

1. e4 c5 2. Nf3 d6 3. d4 cxd4 4. Qxd4 e5 5. Bb5+ Nd7 6. Qd3 a6 7. Bxd7+ Bxd7 8. Nc3 h6 9. Be3 Nf6 10. 0-0 Be7 11. a4 Rc8 12. Nd2 Be6 13. Nd5 Nxd5 14. exd5 Bd7 15. f4 exf4 16. Rxf4 0-0 17. Bd4 f5 18. Nc4 Bxa4 19. Nb6 Bxc2 20. Qg3 Bf6 21. Nxc8 Bxd4+ 22. Rxd4 Qxc8 23. Rc1 Qc5 24. Qf2 1-0

[Event "Goiania Goias Cup"]
[Site "Goiania"]
[Date "2016.10.14"]
[Round "2"]
[White "Diamant, Andre"]
[Black "Vilela, Humberto Franca"]
[Result "1-0"]
[WhiteElo "2499"]
[BlackElo "1956"]
[PlyCount "51"]
[EventDate "2016.10.14"]
[EventType "swiss"]
[EventRounds "6"]
[EventCountry "BRA"]
[SourceTitle "CBM 175 Extra"]
[Source "ChessBase"]
[SourceDate "2016.12.12"]
[SourceVersion "1"]
[SourceVersionDate "2016.12.12"]
[SourceQuality "1"]

1. e4 c5 2. Nf3 d6 3. d4 cxd4 4. Nxd4 Nf6 5. Nc3 a6 6. Be2 e5 7. Nb3 Be6 8. 0-0 Nbd7 9. f4 Rc8 10. f5 Bc4 11. a4 Qb6+ 12. Kh1 h5 13. Bxc4 Rxc4 14. Qd3 Rc6 15. Be3 Qd8 16. Nd2 Ng4 17. Nd5 Be7 18. Bg1 Bg5 19. Nc4 Nc5 20. Bxc5 dxc5 21. a5 Bh4 22. Qf3 Bg5 23. Rad1 Qb8 24. Rd3 b5 25. axb6 Rxb6 26. Ndxb6 1-0

[Event "Goiania-ch Phase 04 "]
[Site "Goiania"]
[Date "2013.11.08"]
[Round "2"]
[White "Vilela, Humberto Franca"]
[Black "Rezende, Guilherme Vilela"]
[Result "1/2-1/2"]
[WhiteElo "2035"]
[BlackElo "2141"]
[PlyCount "50"]
[EventDate "2013.11.08"]
[EventType "swiss"]
[EventRounds "6"]
[EventCountry "BRA"]
[SourceTitle "EXT 2016"]
[Source "ChessBase"]
[SourceDate "2015.10.08"]
[SourceVersion "1"]
[SourceVersionDate "2015.10.08"]
[SourceQuality "1"]

1. e4 c5 2. Nf3 d6 3. Bc4 e6 4. Nc3 Nc6 5. d4 cxd4 6. Nxd4 Be7 7. Be3 Nf6 8. 0-0 0-0 9. Qd2 a6 10. a3 Qc7 11. Nxc6 bxc6 12. Bd3 Rb8 13. b4 Rd8 14. f3 e5 15. Qf2 h6 16. Na4 Ra8 17. c4 Qb7 18. Rfc1 Be6 19. Nc3 Rab8 20. Rab1 d5 21. cxd5 cxd5 22. exd5 Nxd5 23. Be4 f5 24. Nxd5 Bxd5 25. Bxf5 Rf8 1/2-1/2

[Event "Salvador FBX 4th"]
[Site "Salvador"]
[Date "2011.08.13"]
[Round "5.4"]
[White "Vilela, Humberto Franca"]
[Black "Teles, Jeferson Lisboa"]
[Result "1-0"]
[WhiteElo "2100"]
[BlackElo "2073"]
[PlyCount "107"]
[EventDate "2011.07.30"]
[EventType "tourn"]
[EventRounds "11"]
[EventCountry "BRA"]
[SourceTitle "EXT 2022"]
[Source "ChessBase"]
[SourceDate "2021.10.06"]
[SourceVersion "1"]
[SourceVersionDate "2021.10.06"]
[SourceQuality "1"]

1. e4 c5 2. Nf3 d6 3. d4 cxd4 4. Nxd4 Nf6 5. Nc3 e5 6. Ndb5 a6 7. Na3 b5 8. Nd5 Nxe4 9. Be3 Qa5+ 10. c3 Nd7 11. Qf3 f5 12. Qxf5 Ndf6 13. Qf3 Bb7 14. Bb6 Qa4 15. Nc7+ Kf7 16. Nxa8 Bxa8 17. Be2 Bd5 18. Bd1 Nc5 19. Bxa4 Bxf3 20. Bxc5 Bd5 21. Bb3 Bxb3 22. axb3 dxc5 23. Nc2 Be7 24. Rxa6 e4 25. Ra7 Nd5 26. 0-0 Rd8 27. Re1 Nf6 28. f3 Rd7 29. Rxd7 Nxd7 30. fxe4 Ke6 31. b4 cxb4 32. Nd4+ Ke5 33. Nc6+ Ke6 34. Nxe7 Kxe7 35. cxb4 Ke6 36. Kf2 Ke5 37. Kf3 Nb6 38. b3 Na8 39. Rc1 Kd6 40. Kf4 Nc7 41. Kf5 Na6 42. e5+ Ke7 43. e6 Nxb4 44. Rc7+ Kf8 45. Rf7+ Ke8 46. Rxg7 Nd5 47. Rxh7 Nc3 48. Kf6 Ne4+ 49. Ke5 Nf2 50. Rb7 Nd3+ 51. Kf6 Kd8 52. e7+ Kc8 53. Ra7 Kb8 54. Rd7 1-0

[Event "Salvador FBX 4th"]
[Site "Salvador"]
[Date "2011.07.30"]
[Round "2.6"]
[White "Vilela, Humberto Franca"]
[Black "Zallio, Luciano de Souza"]
[Result "1/2-1/2"]
[WhiteElo "2100"]
[BlackElo "2073"]
[PlyCount "20"]
[EventDate "2011.07.30"]
[EventType "tourn"]
[EventRounds "11"]
[EventCountry "BRA"]
[SourceTitle "EXT 2022"]
[Source "ChessBase"]
[SourceDate "2021.10.06"]
[SourceVersion "1"]
[SourceVersionDate "2021.10.06"]
[SourceQuality "1"]

1. e4 e6 2. c4 c6 3. d4 d5 4. cxd5 cxd5 5. exd5 Qxd5 6. Nc3 Bb4 7. Nf3 Nf6 8. Bd2 Bxc3 9. Bxc3 Nc6 10. a3 0-0 1/2-1/2

[Event "Salvador Bahia Sergipe"]
[Site "Salvador"]
[Date "2010.08.01"]
[Round "5.2"]
[White "Alves Farias, Sergio Roberto"]
[Black "Vilela, Humberto Franca"]
[Result "0-1"]
[WhiteElo "2078"]
[BlackElo "2086"]
[PlyCount "134"]
[EventDate "2010.07.30"]
[EventType "swiss"]
[EventRounds "6"]
[EventCountry "BRA"]
[SourceTitle "EXT 2022"]
[Source "ChessBase"]
[SourceDate "2021.10.06"]
[SourceVersion "1"]
[SourceVersionDate "2021.10.06"]
[SourceQuality "1"]

1. Nf3 Nf6 2. g3 c5 3. c4 Nc6 4. Bg2 e5 5. Nc3 d6 6. 0-0 Be7 7. d3 0-0 8. Bg5 Qe8 9. Bxf6 Bxf6 10. Ne1 Bg5 11. Nd5 Bd8 12. e3 f5 13. Nc2 Be6 14. a3 Ne7 15. f4 Qf7 16. e4 Bxd5 17. cxd5 exf4 18. gxf4 Qf6 19. Qe2 fxe4 20. dxe4 Ng6 21. f5 Nh4 22. Ne3 Qg5 23. Nc4 Bc7 24. a4 Rae8 25. Rf2 b6 26. Qd3 a6 27. Nd2 b5 28. Nf3 Nxf3+ 29. Rxf3 Qf6 30. axb5 axb5 31. Rg3 c4 32. Qc3 Bb6+ 33. Kh1 Qxc3 34. bxc3 Ra8 35. Rb1 Bc5 36. Bf1 Rab8 37. Rg2 Rb7 38. Rgb2 Re7 39. Bg2 Rb7 40. Rxb5 Rxb5 41. Rxb5 Ra8 42. h4 Ra3 43. e5 Rxc3 44. Rb8+ Kf7 45. e6+ Ke7 46. Rb7+ Kf8 47. Rb8+ Ke7 48. Rg8 Bd4 49. Rc8 Rc1+ 50. Kh2 c3 51. Be4 Re1 52. Bd3 Re3 53. Bb5 Bc5 54. f6+ Kxf6 55. Rf8+ Ke5 56. Rf3 Rxf3 57. e7 Rf2+ 58. Kg3 c2 59. e8Q+ Kxd5 60. Qh5+ Ke4 61. Qxh7+ Rf5 62. Bc6+ Kd4 63. Qxg7+ Re5 64. Qh6 Re3+ 65. Kg4 c1Q 66. Qf4+ Kc3 67. h5 Qd1+ 0-1

[Event "Belem Carepa Memorial"]
[Site "Belem"]
[Date "2007.04.08"]
[Round "7.8"]
[White "Vilela, Humberto Franca"]
[Black "Nunes, Saulo"]
[Result "1-0"]
[WhiteElo "1884"]
[BlackElo "1833"]
[PlyCount "63"]
[EventDate "2007.04.05"]
[EventType "swiss"]
[EventRounds "7"]
[EventCountry "BRA"]
[SourceTitle "EXT 2022"]
[Source "ChessBase"]
[SourceDate "2021.10.06"]
[SourceVersion "1"]
[SourceVersionDate "2021.10.06"]
[SourceQuality "1"]

1. d4 Nf6 2. c4 g6 3. Nf3 Bg7 4. Nc3 0-0 5. g3 d5 6. cxd5 Nxd5 7. Bg2 c5 8. e4 cxd4 9. Nxd5 Nc6 10. Nf4 e5 11. Nd3 f5 12. Nd2 fxe4 13. Nxe4 Qa5+ 14. Bd2 Qb5 15. Qb3+ Qxb3 16. axb3 a5 17. 0-0 Be6 18. Nec5 Bf5 19. Be4 b6 20. Bxc6 bxc5 21. Bxa8 Bxd3 22. Bd5+ Kh8 23. Rfc1 e4 24. Rxa5 e3 25. fxe3 Bh6 26. Re1 Re8 27. Ra8 Rxa8 28. Bxa8 c4 29. bxc4 Bxc4 30. Kf2 d3 31. Bc3+ Kg8 32. Be4 1-0